R (on the application of Gilboy) v Liverpool CC and interested party (Record no. 79518)
[ view plain ]
| 000 -LEADER | |
|---|---|
| fixed length control field | 02387cad a22002655a 4500 |
| 001 - CONTROL NUMBER | |
| control field | L141540 |
| 008 - FIXED-LENGTH DATA ELEMENTS--GENERAL INFORMATION | |
| fixed length control field | 071129e20071015xxk f v 000 0 eng d |
| 035 ## - SYSTEM CONTROL NUMBER | |
| System control number | (Sirsi) u141540 |
| 041 0# - LANGUAGE CODE | |
| Language code of text/sound track or separate title | eng |
| 245 00 - TITLE STATEMENT | |
| Title | R (on the application of Gilboy) v Liverpool CC and interested party |
| Medium | [electronic resource] |
| 260 ## - PUBLICATION, DISTRIBUTION, ETC. | |
| Date of publication, distribution, etc. | 2007 |
| 520 ## - SUMMARY, ETC. | |
| Summary, etc. | [2007] EWHC 2335, 27 September 2007. Considers whether demoted tenancy regulations and the European Convention of Human Rights are compatible. The defendant local authority (L) obtained a tenancy demotion order against the tenant (G) owing to her son's antisocial and criminal behaviour. Following allegations of further antisocial behaviour, L decided to terminate G's demoted tenancy. G requested a review of this decision, which a senior officer upheld. G then applied for a judicial review, arguing that article 6 of the European Convention of Human Rights applied, giving her right to a fair hearing. G argued that the reviewing officer was not independent in an impartial and lawful tribunal. The Secretary of State was included as an interested party, stating that there was no distinction in the legislation between introductory and demoted tenancies. "Held": The case of McLellan v Bracknell Forest BC (ABS65751) established that introductory tenancies were compatible with article 6. The 2004 regulations are also compatible with article 6. An internal local authority review together with the option of a judicial review was considered to satisfy article 6 requirements. A review by a local authority officer could be considered as a review by independent and impartial tribunal. Application refused. |
| 590 ## - LOCAL NOTE (RLIN) | |
| Local note | KA |
| 650 24 - SUBJECT ADDED ENTRY--TOPICAL TERM | |
| Topical term or geographic name entry element | GILBOY V LIVERPOOL CC AND INTERESTED PARTY |
| 650 24 - SUBJECT ADDED ENTRY--TOPICAL TERM | |
| Topical term or geographic name entry element | CONVENTION FOR THE PROTECTION OF HUMAN RIGHTS AND FUNDAMENTAL FREEDOMS ART 6 |
| 650 24 - SUBJECT ADDED ENTRY--TOPICAL TERM | |
| Topical term or geographic name entry element | DEMOTED TENANCIES (REVIEW OF DECISIONS) (ENGLAND) REGULATIONS 2004 |
| 650 24 - SUBJECT ADDED ENTRY--TOPICAL TERM | |
| Topical term or geographic name entry element | HOUSING ACT 1985 |
| 650 24 - SUBJECT ADDED ENTRY--TOPICAL TERM | |
| Topical term or geographic name entry element | HOUSING ACT 1996 |
| 650 24 - SUBJECT ADDED ENTRY--TOPICAL TERM | |
| Topical term or geographic name entry element | ANTI-SOCIAL BEHAVIOUR ACT 2003 |
| 650 24 - SUBJECT ADDED ENTRY--TOPICAL TERM | |
| Topical term or geographic name entry element | MCLELLAN V BRACKNELL FOREST BC AND ANOTHER |
| 651 #4 - SUBJECT ADDED ENTRY--GEOGRAPHIC NAME | |
| Geographic name | England and Wales |
| Chronological subdivision | 1543- |
| 690 ## - LOCAL SUBJECT ADDED ENTRY--TOPICAL TERM (OCLC, RLIN) | |
| Topical term or geographic name as entry element | PROPERTY-RESIDENTIAL PROPERTY-RESIDENTIAL LANDLORD AND TENANT-RESIDENTIAL TENANCIES-FORFEITURE OF RESIDENTIAL TENANCIES |
| 856 40 - ELECTRONIC LOCATION AND ACCESS | |
| Uniform Resource Identifier | <a href="https://www.bailii.org/ew/cases/EWHC/Admin/2007/2335.html">https://www.bailii.org/ew/cases/EWHC/Admin/2007/2335.html</a> |
| Public note | View the judgment free of charge at www.bailii.org... |
| 942 ## - ADDED ENTRY ELEMENTS (KOHA) | |
| Suppress in OPAC | 0 |
| Withdrawn status | Lost status | Source of classification or shelving scheme | Damaged status | Not for loan | Home library | Current library | Shelving location | Date acquired | Total Checkouts | Full call number | Barcode | Date last seen | Copy number | Price effective from | Koha item type |
|---|---|---|---|---|---|---|---|---|---|---|---|---|---|---|---|
| Dewey Decimal Classification | Virtual | Virtual | Online | 29/11/2007 | ONLINE PUBLICATION | 141540-1001 | 06/08/2019 | 1 | 06/08/2019 | Law report |